California range brushlands and browse plants /
Guardado en:
| Autor Principal: | |
|---|---|
| Otros Autores: | |
| Formato: | Libro |
| Idioma: | English |
| Publicado: |
[Berkeley] :
University of California, Division of Agricultural Sciences, California Agricultural Experiment Station, Extension Service,
1981.
|
| Series: | Manual (University of California, Berkeley. Division of Agricultural Sciences) ;
33. |
| Etiquetas: |
Agregar Etiqueta
Sin Etiquetas, Sea el primero en etiquetar este registro!
|
| LEADER | 00915cam a22002171a 4500 | ||
|---|---|---|---|
| 001 | EEA.libagro010055 | ||
| 005 | 20161003095002.0 | ||
| 008 | 780207s1981####cauab#########001#0#eng## | ||
| 020 | |a 0931876540 | ||
| 082 | 0 | 4 | |a 333.74 |
| 082 | 0 | 4 | |a 582.1709794 |
| 100 | 1 | |a Sampson, Arthur W. |q (Arthur William), |d 1884-1967. | |
| 245 | 1 | 0 | |a California range brushlands and browse plants / |c Arthur W. Sampson, Beryl S. Jespersen. |
| 260 | |a [Berkeley] : |b University of California, Division of Agricultural Sciences, California Agricultural Experiment Station, Extension Service, |c 1981. | ||
| 300 | |a vi, 162 p. : |b il., mapas ; |c 31 cm. | ||
| 490 | 1 | |a Publication ; |v 4010 | |
| 500 | |a Incluye índice. | ||
| 504 | |a Bibliografía: p. 151-155. | ||
| 700 | 1 | |a Jespersen, Beryl S. | |
| 830 | 0 | |a Manual (University of California, Berkeley. Division of Agricultural Sciences) ; |v 33. | |
| 859 | |a AR-BbBCA |b BIB. AGRONOMIA |h 333.74 |i S192 |p C1987/0294 | ||
